Internet access essentials / (Record no. 179916)
[ view plain ]
| 000 -LEADER | |
|---|---|
| fixed length control field | 00695 a2200205 4500 |
| 003 - CONTROL NUMBER IDENTIFIER | |
| control field | Nust |
| 005 - DATE AND TIME OF LATEST TRANSACTION | |
| control field | 20240103143527.0 |
| 010 ## - LIBRARY OF CONGRESS CONTROL NUMBER | |
| LC control number | 94034444 |
| 020 ## - INTERNATIONAL STANDARD BOOK NUMBER | |
| International Standard Book Number | 0126913935 (acid-free paper) |
| 040 ## - CATALOGING SOURCE | |
| Transcribing agency | Nust |
| 082 00 - DEWEY DECIMAL CLASSIFICATION NUMBER | |
| Classification number | 005.743,TIT |
| 100 1# - MAIN ENTRY--PERSONAL NAME | |
| Personal name | Tittel, Ed. |
| 9 (RLIN) | 62997 |
| 245 10 - TITLE STATEMENT | |
| Title | Internet access essentials / |
| Statement of responsibility, etc. | Ed Tittel, Margaret Robbins. |
| 260 ## - PUBLICATION, DISTRIBUTION, ETC. | |
| Place of publication, distribution, etc. | Boston : |
| Name of publisher, distributor, etc. | AP Professional, |
| Date of publication, distribution, etc. | c1995. |
| 300 ## - PHYSICAL DESCRIPTION | |
| Extent | xxiii, 374 p., map ; |
| Dimensions | 24 cm. |
| 505 ## - FORMATTED CONTENTS NOTE | |
| Formatted contents note | Introducing the Internet (Page-1), Internet Applications (Page-113), Resource Guide (Page-221), Internet in the Real World (Page-333). |
| 650 #0 - SUBJECT ADDED ENTRY--TOPICAL TERM | |
| Topical term or geographic name entry element | Internet. |
| 9 (RLIN) | 17965 |
| 700 1# - ADDED ENTRY--PERSONAL NAME | |
| Personal name | Robbins, Margaret. |
| 9 (RLIN) | 100556 |
| 942 ## - ADDED ENTRY ELEMENTS (KOHA) | |
| Source of classification or shelving scheme | |
| Koha item type | Book |
| Call number prefix | 005.743,TIT |
| Withdrawn status | Lost status | Source of classification or shelving scheme | Damaged status | Not for loan | Permanent Location | Current Location | Shelving location | Date acquired | Full call number | Barcode | Date last seen | Price effective from | Koha item type | Public note |
|---|---|---|---|---|---|---|---|---|---|---|---|---|---|---|
| Military College of Signals (MCS) | Military College of Signals (MCS) | General Stacks | 12/12/2016 | 005.743,TIT | MCS27226 | 12/08/2016 | 12/12/2016 | Book | Almirah No.6, Shelf No.6 |
